000 01396nam a2200385 i 4500
001 7847
003 KOSZ 005
005 20200630132817.0
008 071007s1968 pl a f 010 0 pol
015 _aPB 1968/10175
040 _aWA N
_cKOSZ 005/RW
_dKOSZ 005/RW
_dKOSZ 005/HR
041 0 _apol
_aeng
_afre
_ager
_arus
_beng
_bpol
046 _k1968
080 _a621
080 _a532
080 _a533
245 0 0 _aZagadnienia maszyn przepływowych /
_c[oprac., red. Eustachy S. Burka] ; Instytut Maszyn Przepływowych Polskiej Akademii Nauk.
246 1 5 _aProblems of fluid-flow machines.
260 _aWarszawa :
_bPaństwowe Wydawnictwo Naukowe,
_c1968.
300 _a1048, [2] s., [3] k. tabl. :
_bil., err. ;
_c25 cm.
380 _aKsiążki.
388 _a10901-2000
500 _aWydawnictwo z okazji 40-lecia działalności prof. Roberta Szewalskiego.
504 _aBibliogr. przy pracach.
546 _aTekst częśc. ang., fr., niem., ros.
546 _aStreszcz. ang., pol.
658 _aInżynieria i technika
650 4 _aUrządzenia
650 4 _aPrzepływ
650 4 _aMaszyny przepływowe
700 1 _aBurka, Eustachy S.
_d(1924- ).
_eRedakcja
710 2 _aPaństwowe Wydawnictwo Naukowe
_4pbl.
856 _uhttp://koha.tu.koszalin.pl/cgi-bin/koha/opac-detail.pl?biblionumber=7847
_yKatalog online BPK
942 _2UKD
_cKS
999 _c7847
_d7847